Umělá inteligence jako (nové) médium

Saved in:
Bibliographic Details
Main Author Dvořák, Tomáš
Format Electronic eBook
LanguageCzech
Published Karolinum 2025
Edition1. elektronické vydání
Subjects
Online AccessDostupné v BOOKPORT po přihlášení pomocí eduID
ISBN978-80-246-6092-9
978-80-246-6093-6
978-80-246-6037-0
Physical Description1 online zdroj (236 stran)

Cover

LEADER 00000nam a2200000 i 4500
001 bkp503381602
003 CZ-prgp
005 20260217133122.0
006 m o d
007 cr cn
008 260217s2025 xr o 000 0 cze
020 |a 978-80-246-6092-9  |c 250 Kč  |q (online ; pdf) 
020 |a 978-80-246-6093-6  |c 250 Kč  |q (online ; epub) 
020 |a 978-80-246-6037-0  |c 350 Kč  |q (print) 
040 |a Grada  |b cze  |e rda 
100 1 |a Dvořák, Tomáš 
245 1 0 |a Umělá inteligence jako (nové) médium  |c Tomáš Dvořák 
250 |a 1. elektronické vydání 
264 1 |b Karolinum  |c 2025 
300 |a 1 online zdroj (236 stran) 
336 |a text  |b txt  |2 rdacontent 
337 |a počítač  |b c  |2 rdamedia 
338 |a online zdroj  |b cr  |2 rdacarrier 
520 3 |a Kolektivní monografie Umělá inteligence jako (nové) médium analyzuje dopady takzvané umělé inteligence (analytické i generativní) na současnou kulturu, od vysoké ke každodenní. Zkoumá, jak se v dnešní době proměňují způsoby dělání, chápání a používání obrazů, zvuků nebo textů i širší společenské a politické implikace těchto proměn. Ohniskem jejího zájmu jsou procesy a praktiky tvořivosti, představivosti a vynalézavosti. Odmítá je interpretovat prostřednictvím zjednodušujících protikladů mezi lidským a technickým, ale zdůrazňuje naopak jejich propletenost a význam specifických historických bio-socio-technických konfigurací, jež definují formy naší subjektivity i pospolitosti. Autorky a autoři (Tomáš Dvořák, Martin Flašar, Vít Gvoždiak, Vladimír Havlík, Jana Horáková, Martin Charvát, Veronika Klusáková, Richard Müller, Noemi Purkrábková, Kateřina Svatoňová) představují bytostně interdisciplinární sondy do oblasti syntetických médií, vycházejíce z oborů literární, hudební a filmové vědy, filozofie a epistemologie, teorie médií a komunikace, teorie digitální kultury a umění. Jejich studie se zaměřují mimo jiné na problematiku reprezentace umělé inteligence ve filmové a televizní tvorbě, kompozitní fotografii, multimediální představení, strojové vidění a rozpoznávání vzorů, generativní kurátorství, generativní hudbu či na jazykové a literární kompetence velkých jazykových modelů. 
650 0 4 |a Sociologie 
856 4 0 |u https://www.bookport.cz/AccountSaml/SignIn/?idp=https://shibboleth.utb.cz/idp/shibboleth&returnUrl=/kniha/umela-inteligence-jako-nove-medium-15762/  |y Dostupné v BOOKPORT po přihlášení pomocí eduID